000 00808nam a2200277Ia 4500
003 OSt
005 20220928120811.0
006 a|||||r|||| 00| 0
007 ta
008 220927b |||||||| |||| 00| 0 eng d
020 _c17616.920999999998
024 _a119099
037 _b70 A, 23/08/2013, Classic Book Service
_cTextual
040 _aSDCL
_cSDCL
_beng
041 _2eng
_aeng
082 _aC, Q3
100 _aOstdiek Vern J
_9451201
245 0 _aInquiry into physics.
250 _a7th ed
260 _aUK
_bCengage Learning
_c2013
300 _axii,523+various pagination
_ccm.
650 _aReference
700 _a Bord Donald J
_9451202
942 _hC, Q3
_cTEXL
_2CC
999 _c765297
_d765297